Pokémon - Les attaques de Flabébé - Statistiques

Statistiques générales
  • Ce quiz a été pris 11 fois
  • Le résultat moyen est 11 sur 14
Statistiques - réponses
Niveaux Types Noms des attaques % Correct
Niveau 41 Fée Pouvoir Lunaire
100%
Niveau 15 Plante Tranch'Herbe
100%
Niveau 6 Fée Vent Féérique
100%
Niveau 37 Fée Champ Brumeux
80%
Niveau 24 Plante Champ Herbu
80%
Départ Normal Charge
80%
Niveau 45 Plante Danse-Fleur
80%
Niveau 22 Plante Feuille Magik
80%
Départ Plante Fouet Lianes
80%
Niveau 48 Plante Lance-Soleil
80%
Niveau 28 Plante Tempête Florale
80%
Niveau 33 Plante Aromathérapie
60%
Niveau 10 Normal Air Veinard
40%
Niveau 20 Normal Vœu
20%
Aucun quiz correspondant
Distribution des résultats
% des personnes avec chaque résultat
Percentile par nombre de réponses
Votre historique - résultats
Vous n’avez pas pris ce quiz